| 000 | 01444nam a22002897a 4500 | ||
|---|---|---|---|
| 005 | 20260122155723.0 | ||
| 008 | s2545 th tha d | ||
| 020 | _a9748667294 | ||
| 041 | _atha | ||
| 050 | _aPN147 อ835ก 2545 | ||
| 100 | 0 | _aอุบลวรรณ ปิติพัฒนะโฆษิต | |
| 245 | 1 | 0 | _aการเขียนในสื่อต่าง ๆ เพื่อการประชาสัมพันธ์ [2nd] |
| 260 | 3 |
_aกรุงเทพฯ : _bคณะนิเทศศาสตร์ จุฬาลงกรณ์มหาวิทยาลัย, _c2545 |
|
| 300 |
_a190 หน้า : _b ภาพประกอบ, ตาราง ; _c 29 ซม. |
||
| 650 | 0 | 4 | _aการเขียนคำขวัญ |
| 650 | 0 | 4 | _aการเขียนข่าวแจก |
| 650 | 0 | 4 |
_aการเขียน _96407 |
| 650 | 0 | 4 | _aการประชาสัมพันธ์ -- การเขียน |
| 650 | 0 | 4 |
_aการเขียนบทความ _922695 |
| 650 | 0 | 4 | _aการเขียนสุนทรพจน์ |
| 650 | 0 | 4 |
_aการเขียนบทวิทยุ _942529 |
| 650 | 0 | 4 |
_aการเขียนบทโทรทัศน์ _942532 |
| 850 | _aNALT | ||
| 942 |
_cGB _017 |
||
| 997 | _c000000000011732 | ||
| 998 |
_aBENJALUCK SUTTHIWILAI _j8 _k นายบัณฑิต อุทาวงค์ |
||
| 999 |
_c11732 _d11732 |
||